000 00827nam a2200217 a 4500
001 000006390
005 20200929153926.0
008 090828s1985 dr 001 0 spa d
040 _aDO-SdBNP
_bspa
_cBNPHU
082 _axxxx
_bR426s
110 1 _aRepública Dominicana.
_bSecretaría de Estado de Agricultura
_917769
240 1 3 _aLeyes y decretos
245 1 0 _aSinopsis de leyes, reglamentos y decretos del subsector recursos naturales /
_cpresentación Juan Antonio Gozález.
246 1 4 _aSinopsis de leyes, reglamentos y decretos del subsector recursos naturales
260 _aSanto Domingo :
_bSecretaría de Recursos Naturales,
_c1985.
300 _a337 p. ;
_c21 cm.
500 _aTítulo de cubierta
500 _aIncluye una nota al pie de la ( p.56)
700 1 _aGonzález, Juan Antonio
_917770
049 _aBNPD
999 _c6185
_d6185